América Latina y el Caribe en el contexto de los atentados terroristas de cáracter biológico y químico

Gardado en:
Detalles Bibliográficos
Formato: Texto
Materias:
Etiquetas: Engadir etiqueta
Sen Etiquetas, Sexa o primeiro en etiquetar este rexistro!

MARC

LEADER 00000 a a2200000 04500
001 6479
003
040
245 |a América Latina y el Caribe en el contexto de los atentados terroristas de cáracter biológico y químico  
650 |a ARMAS BACTERIOLOGICAS  
650 |a GUERRA  
650 |a COMERCIO  
773 |g volumen 22, número 953; páginas 14-16  
999 |c 36165  |d 36165